[Event "GER-chT School WK GS"]
[Site "Playchess.com INT"]
[Date "2020.06.18"]
[Round "5.1"]
[White "Duetsch, Hannes"]
[Black "Sewerinov, Alexander"]
[Result "1-0"]
[WhiteElo "1695"]
[BlackElo "1639"]
[PlyCount "135"]
[EventDate "2020.06.11"]
[EventType "team-swiss (blitz)"]
[EventRounds "7"]
[EventCountry "GER"]
[SourceTitle "EXT 2021"]
[Source "ChessBase"]
[SourceDate "2020.10.23"]
[SourceVersion "1"]
[SourceVersionDate "2020.10.23"]
[SourceQuality "1"]
[WhiteTeam "Monte BY"]
[BlackTeam "Hannover Wasserk NI"]
[WhiteTeamCountry "GER"]
[BlackTeamCountry "GER"]

1. d4 Nf6 2. Bf4 g6 3. e3 Bg7 4. c3 d6 5. Bd3 0-0 6. Nd2 Be6 7. h4 Nc6 8. Ngf3 Bg4 9. Qc2 d5 10. Ne5 Nxe5 11. Bxe5 c6 12. f3 Bd7 13. g4 e6 14. h5 Qe7 15. hxg6 fxg6 16. g5 Nh5 17. f4 Bxe5 18. dxe5 Ng3 19. Rh3 Nh5 20. Bxg6 hxg6 21. Qxg6+ Ng7 22. Qh7+ Kf7 23. g6+ Ke8 24. 0-0-0 Kd8 25. Nf3 Kc7 26. Ng5 Rh8 27. Qxh8 Rxh8 28. Rxh8 Nf5 29. Rh7 Qf8 30. e4 Ne7 31. exd5 cxd5 32. Rf7 Qg8 33. g7 Nf5 34. Rh1 Nxg7 35. Rh7 Kc6 36. Rfxg7 Qc8 37. Kc2 Be8 38. Rh8 Qd8 39. Kc1 Qb6 40. Rxe8 Qg1+ 41. Kc2 Qf2+ 42. Kb3 Qb6+ 43. Kc2 Qf2+ 44. Kd3 Qf1+ 45. Ke3 Qg1+ 46. Kf3 Qf1+ 47. Kg4 Qe2+ 48. Kh4 Qh2+ 49. Nh3 Qh1 50. Rxe6+ Kc5 51. Rc7+ Kb5 52. Rxb7+ Kc4 53. Rc6+ Kd3 54. Rd6 Qe1+ 55. Kg4 Qe2+ 56. Kf5 Qe4+ 57. Kf6 Qg2 58. Ng5 Qh1 59. Rh7 Qg2 60. Rh3+ Kc2 61. Rd7 d4 62. cxd4 Qc6+ 63. Rd6 Qe8 64. Rh2+ Kb1 65. Rh1+ Kc2 66. Rh2+ Kb1 67. Rh7 Qf8+ 68. Rf7 1-0